Normal view
MARC view
- Canfield J; Hansen M; Jain A & Poddar R
Entry Personal Name
001 - CONTROL NUMBER
- control field: 117328
003 - CONTROL NUMBER IDENTIFIER
- control field: OSt
005 - DATE AND TIME OF LATEST TRANSACTION
- control field: 20230125045356.0
008 - FIXED-LENGTH DATA ELEMENTS
- fixed length control field: 230125|| aca||aabn | a|a d
040 ## - CATALOGING SOURCE
- Original cataloging agency: OSt
- Transcribing agency: OSt
100 ## - HEADING--PERSONAL NAME
- Personal name: Canfield J; Hansen M; Jain A & Poddar R
670 ## - SOURCE DATA FOUND
- Source citation: Work cat.: (OSt)95093: Canfield J, Chicken Soup For The Soul: Indian College Students., 2011